|
|
|
|
| LEADER |
01378nam a2200385 a 4500 |
| 001 |
30054 |
| 003 |
BD-DhAAL |
| 005 |
20151021101742.0 |
| 008 |
151021s2010 ii a b 001 0 eng |
| 010 |
|
|
|a 2009037490
|
| 020 |
|
|
|a 9780073530321 (alk. paper)
|
| 020 |
|
|
|a 0073530328 (alk. paper)
|
| 020 |
|
|
|a 9780071267687 (pbk.)
|
| 020 |
|
|
|a 0071267689 (pbk.)
|
| 020 |
|
|
|a 9781259001635
|
| 020 |
|
|
|a 1259001636
|
| 035 |
|
|
|a (OCoLC)ocn320803007
|
| 040 |
|
|
|a DLC
|c DLC
|d YDX
|d BTCTA
|d UKM
|d YDXCP
|d CDX
|d DLC
|d BD-DhAAL
|
| 050 |
0 |
0 |
|a HD62.5
|b .H577 2010
|
| 082 |
0 |
0 |
|a 658.421
|2 22
|
| 100 |
1 |
|
|a Hisrich, Robert D.
|9 15599
|
| 245 |
1 |
0 |
|a Entrepreneurship /
|c Robert D. Hisrich [et...al]
|
| 250 |
|
|
|a 8th ed.
|
| 260 |
|
|
|a New Delhi ;
|a New York :
|b McGraw-Hill Education (India),
|b McGraw-Hill/Irwin,
|c c2013.
|
| 300 |
|
|
|a xxvii, 712 p. :
|b ill. ;
|c 27 cm.
|
| 504 |
|
|
|a Includes bibliographical references and index.
|
| 541 |
|
|
|e 30054
|
| 650 |
|
0 |
|a New business enterprises.
|9 15600
|
| 650 |
|
0 |
|a Entrepreneurship.
|9 15601
|
| 650 |
|
0 |
|a Business planning.
|9 15602
|
| 650 |
|
0 |
|a Business enterprises
|x Finance.
|9 15603
|
| 650 |
|
0 |
|a Success in business.
|9 15604
|
| 942 |
|
|
|2 ddc
|c BK
|
| 999 |
|
|
|c 35861
|d 35861
|
| 952 |
|
|
|0 0
|1 0
|2 ddc
|4 0
|6 658_421000000000000_HIS
|7 0
|9 56383
|a CED
|b CED
|c GEN
|d 2015-10-21
|e STS International
|g 975.00
|l 0
|o 658.421 HIS
|p 3010030054
|r 2015-10-21
|t 1
|w 2015-10-21
|y BK
|